000 00915nab a2200445 a 4500
001 30014
003 95649
005 20240712161042.0
008 ||||||n9999 ||| || ||
041 _aspa
082 _219
_a102
100 _aJolivet, Regis
245 0 _aLogica y cosmologia (v1)
260 _aBuenos Aires :
_bCarlos Lohlé,
_c1962.
300 _av1 426p
562 _e1
650 _aCOSMOLOGÍA
650 _aLÓGICA
773 _0310
_aTratado de filosofia
942 _cBKM
999 _c30014
_d30014
526 _a17598
526 _a102617
526 _a102618
526 _a15794
526 _a102620
526 _a10406
526 _a105630
526 _a1698
526 _a116204
526 _a4969
526 _a19790
526 _a104436
526 _a5144
526 _a51868
526 _a3899
526 _a9683
526 _a
526 _a1703
526 _a1697